「北」がつく市名 - Statistics

General Stats
  • This quiz has been taken 42 times
  • The average score is 10 of 11
Answer Stats
都道府県 市名 % Correct
秋田県 北秋田市
100%
茨城県 北茨城市
97%
福岡県 北九州市
97%
北海道 北広島市
95%
岩手県 北上市
95%
山梨県 北杜市
95%
愛知県 北名古屋市
95%
北海道 北見市
92%
北海道 北斗市
92%
秋田県 仙北市
92%
埼玉県 北本市
85%
No matching quizzes found
Score Distribution
Percent of People with Each Score
Percentile by Number Answered
Your Score History
You have not taken this quiz